Opus cinématographiques 15 - Chucky - Statistiques

Statistiques générales
  • Ce quiz a été pris 127 fois
  • Le résultat moyen est 7 sur 8
Statistiques - réponses
Date de sortie Titre % Correct
2019 Child's Play - La Poupée du Mal
92%
1998 La Fiancée de Chucky
90%
2004 Le Fils de Chucky
90%
1988 Jeu d'Enfant
89%
2017 Le Retour de Chucky
86%
2013 La Malédiction de Chucky
80%
1991 Chucky 3
77%
1990 Chucky - La Poupée de Sang
73%
Aucun quiz correspondant
Distribution des résultats
% des personnes avec chaque résultat
Percentile par nombre de réponses
Votre historique - résultats
Vous n’avez pas pris ce quiz